| 000 | 00677nam a2200253Ia 4500 | ||
|---|---|---|---|
| 003 | OSt | ||
| 005 | 20220925203957.0 | ||
| 006 | a|||||r|||| 00| 0 | ||
| 007 | ta | ||
| 008 | 220923b |||||||| |||| 00| 0 eng d | ||
| 037 | _cGeneral Book | ||
| 040 |
_aRTL _cRTL _beng |
||
| 041 |
_2eng _aeng |
||
| 082 | _aR2, L2 | ||
| 100 |
_aChomsky Noam _914318 |
||
| 245 | 0 |
_aProblems of knowledge and freedom _b The Russell le |
|
| 260 |
_aFontana _bCollins _c1972 |
||
| 300 |
_a95p _ccm. |
||
| 500 | _aRussell Lectures. 1971. | ||
| 650 | _a Philosophy | ||
| 650 | _aEpistemology | ||
| 942 |
_hR2, L2 _cGB _2CC |
||
| 999 |
_c548239 _d548239 |
||